000
00321pab a2200145 454500
008
180718b1986 xxu||||| |||| 00| 0 eng d
100
_a
Almelu, S.
245
_a
Rural youth for social change
260
_c
1986
300
_a
513-16
362
_a
Aug.
650
_a
Youth
773
_a
Khadi Gramodyog
909
_a
21080
999
_c
21080
_d
21080